[Event "UK Armed Forces ch"]
[Site "Wittering"]
[Date "2023.04.16"]
[Round "6.22"]
[White "Murray, Thomas"]
[Black "Buckingham, Michael J"]
[Result "0-1"]
[WhiteElo "1437"]
[BlackElo "1567"]
[PlyCount "50"]
[EventDate "2023.04.14"]
[EventType "swiss"]
[EventRounds "7"]
[EventCountry "ENG"]
[SourceVersionDate "2023.04.22"]

1. d4 Nf6 2. Nf3 g6 3. e3 Bg7 4. c4 d6 5. Be2 O-O 6. O-O Nbd7 7. Nc3 e5 8. Bd3
Re8 9. e4 exd4 10. Nxd4 d5 11. exd5 Nxd5 12. Nxd5 Bxd4 13. Qg4 Bg7 14. Qg3 Ne5
15. Be2 c6 16. Ne3 Qb6 17. Rb1 Be6 18. b3 Rad8 19. Kh1 Nd3 20. Ba3 Qa5 21. Nc2
Qd2 22. Bd1 Bf5 23. Ra1 Bxa1 24. Qf3 Ne1 25. Nxe1 Rxe1 0-1

[Event "UK Armed Forces ch"]
[Site "Wittering"]
[Date "2023.04.16"]
[Round "6.23"]
[White "McBride, Robert"]
[Black "Wride, Edward"]
[Result "0-1"]
[WhiteElo "1350"]
[BlackElo "1552"]
[PlyCount "75"]
[EventDate "2023.04.14"]
[EventType "swiss"]
[EventRounds "7"]
[EventCountry "ENG"]
[SourceVersionDate "2023.04.22"]

1. e4 e6 2. d4 d5 3. e5 c5 4. Be3 cxd4 5. Bxd4 Nc6 6. Nf3 Nxd4 7. Nxd4 Bc5 8.
Be2 Qb6 9. c3 Qxb2 10. Qa4+ Bd7 11. Bb5 Rd8 12. Bxd7+ Rxd7 13. Nc2 Qc1+ 14. Ke2
Qxh1 15. Nba3 Qxg2 16. Ne3 Bxe3 17. Kxe3 Ne7 18. Rb1 Nf5+ 19. Kd2 Qxf2+ 20. Kc1
Qe3+ 21. Kb2 Qb6+ 22. Ka1 Qc6 23. Qxc6 bxc6 24. Rb8+ Rd8 25. Rb7 O-O 26. Rxa7
Ra8 27. Rc7 Rfc8 28. Rxc8+ Rxc8 29. Kb2 Ne3 30. Kc1 h5 31. Kd2 Nc4+ 32. Nxc4
dxc4 33. Ke3 c5 34. Kf4 Ra8 35. Kg5 Rxa2 36. h4 Rc2 37. Kxh5 Rxc3 38. Kg5 0-1

[Event "UK Armed Forces ch"]
[Site "Wittering"]
[Date "2023.04.16"]
[Round "6.25"]
[White "Chapman, Chas"]
[Black "Searle, Tristan"]
[Result "1-0"]
[WhiteElo "1499"]
[BlackElo "1345"]
[PlyCount "116"]
[EventDate "2023.04.14"]
[EventType "swiss"]
[EventRounds "7"]
[EventCountry "ENG"]
[SourceVersionDate "2023.04.22"]

1. e4 c5 2. Nf3 Nc6 3. d4 cxd4 4. Nxd4 e5 5. Nb3 Nf6 6. Bg5 Be7 7. Nc3 O-O 8.
Bc4 a5 9. Nd5 a4 10. Nxe7+ Qxe7 11. Nd2 d6 12. Qf3 Nd4 13. Qd1 Be6 14. Bxe6
Nxe6 15. Be3 Rfd8 16. f3 d5 17. O-O dxe4 18. fxe4 Nxe4 19. Qe2 Nxd2 20. Bxd2
Nd4 21. Qf2 Nxc2 22. Rac1 Nd4 23. Be3 f6 24. Rfe1 Qe6 25. Bxd4 Qxa2 26. Bc3 Qb3
27. Qc2 Qxc2 28. Rxc2 a3 29. b3 Rd6 30. Rd2 Rda6 31. Ra2 h5 32. Rea1 g5 33. Bb4
b5 34. Rxa3 Rxa3 35. Rxa3 Rxa3 36. Bxa3 Kf7 37. Kf2 Ke6 38. Bc5 Kd5 39. b4 f5
40. Kf3 e4+ 41. Ke2 f4 42. Kf2 g4 43. Ke2 h4 44. h3 f3+ 45. gxf3 exf3+ 46. Kf2
Ke4 47. hxg4 Kf4 48. Be7 Kxg4 49. Bxh4 Kxh4 50. Kxf3 Kg5 51. Ke4 Kf6 52. Kd5
Ke7 53. Kc5 Kd7 54. Kxb5 Kc7 55. Ka6 Kb8 56. b5 Ka8 57. b6 Kb8 58. b7 Kc7 1-0

[Event "UK Armed Forces ch"]
[Site "Wittering"]
[Date "2023.04.16"]
[Round "6.26"]
[White "Peacock, Christopher"]
[Black "Hill, Thomas"]
[Result "0-1"]
[WhiteElo "1041"]
[BlackElo "1450"]
[PlyCount "54"]
[EventDate "2023.04.14"]
[EventType "swiss"]
[EventRounds "7"]
[EventCountry "ENG"]
[SourceVersionDate "2023.04.22"]

1. e4 e5 2. Nc3 Bc5 3. Bc4 Nc6 4. d3 Nf6 5. f4 d6 6. f5 Nd4 7. Nf3 Bd7 8. a3
Qe7 9. b4 Bb6 10. Bg5 Nxf3+ 11. Qxf3 O-O-O 12. Nd5 Qf8 13. Nxf6 gxf6 14. Bxf6
Bd4 15. Rb1 Bc3+ 16. Ke2 Qh6 17. Qe3 Qxf6 18. Qxa7 c6 19. Qa8+ Kc7 20. Qa5+ Kb8
21. Rb3 Bd4 22. b5 Qg5 23. bxc6 Qe3+ 24. Kd1 Bxc6 25. Qa6 Bc3 26. Rxc3 bxa6 27.
Bxa6 Rhg8 0-1

[Event "UK Armed Forces ch"]
[Site "Wittering"]
[Date "2023.04.16"]
[Round "6.27"]
[White "Stewart, Christopher"]
[Black "Lavender, Lee"]
[Result "0-1"]
[WhiteElo "900"]
[BlackElo "1437"]
[PlyCount "80"]
[EventDate "2023.04.14"]
[EventType "swiss"]
[EventRounds "7"]
[EventCountry "ENG"]
[SourceVersionDate "2023.04.22"]

1. d4 d5 2. Bf4 e6 3. Nc3 Bd6 4. Bg3 Nf6 5. a3 a6 6. Nf3 c5 7. e3 c4 8. Bxd6
Qxd6 9. h3 b5 10. b4 O-O 11. Be2 Bd7 12. O-O Nc6 13. Re1 Rfb8 14. Qb1 a5 15.
Na2 axb4 16. Nxb4 Nxb4 17. Qxb4 Qxb4 18. axb4 Ra4 19. c3 Ne4 20. Rac1 f6 21.
Red1 Ra3 22. Ra1 Rba8 23. Rxa3 Rxa3 24. Bf1 Nxc3 25. Rd2 Ra2 26. g3 Rxd2 27.
Nxd2 Na2 28. Nb1 Nxb4 29. h4 Na2 30. f4 c3 31. Bd3 b4 32. Kf2 Ba4 33. Nxc3 bxc3
34. Ke2 Bb5 35. Bxb5 c2 36. Bd3 c1=Q 37. Kf3 Qd1+ 38. Be2 Qd2 39. g4 Nc3 40. g5
Qxe2+ 0-1

[Event "UK Armed Forces ch"]
[Site "Wittering"]
[Date "2023.04.16"]
[Round "6.31"]
[White "Owens, Charles"]
[Black "Downey, Finlay"]
[Result "1-0"]
[WhiteElo "1220"]
[BlackElo "900"]
[PlyCount "45"]
[EventDate "2023.04.14"]
[EventType "swiss"]
[EventRounds "7"]
[EventCountry "ENG"]
[SourceVersionDate "2023.04.22"]

1. e4 e5 2. Nf3 Nc6 3. Bb5 Nf6 4. d3 Bc5 5. Be3 Bxe3 6. fxe3 Ng4 7. Qe2 Qf6 8.
h3 a6 9. Bxc6 dxc6 10. hxg4 Bxg4 11. Nbd2 g5 12. O-O-O O-O-O 13. Rdf1 Qe7 14.
Nc4 f6 15. Qf2 h5 16. Nh2 b5 17. Na5 Bd7 18. Qxf6 Qc5 19. d4 Qb4 20. Nxc6 Bxc6
21. Qxc6 exd4 22. Rd1 dxe3 23. Qa8# 1-0

[Event "UK Armed Forces ch"]
[Site "Wittering"]
[Date "2023.04.16"]
[Round "6.35"]
[White "Robb-Jones, Miles"]
[Black "Dean, Nicholas"]
[Result "1-0"]
[WhiteElo "1235"]
[BlackElo "800"]
[PlyCount "71"]
[EventDate "2023.04.14"]
[EventType "swiss"]
[EventRounds "7"]
[EventCountry "ENG"]
[SourceVersionDate "2023.04.22"]

1. e4 c6 2. d4 d5 3. e5 e6 4. Nf3 Nd7 5. a3 g6 6. c4 Bg7 7. c5 b6 8. b4 Ne7 9.
Bd3 Nf5 10. Bxf5 exf5 11. O-O Nf8 12. Bg5 Qc7 13. Re1 Ne6 14. Nc3 a5 15. Qd2
axb4 16. axb4 Rxa1 17. Rxa1 O-O 18. Bh6 bxc5 19. bxc5 Bb7 20. Bxg7 Nxg7 21. Ne2
Ra8 22. Rxa8+ Bxa8 23. Nf4 Qa7 24. h3 Qe7 25. Qa5 Qe8 26. Kh2 Ne6 27. Nxe6 fxe6
28. Ng5 h6 29. Nxe6 Qxe6 30. Qxa8+ Kf7 31. Qb7+ Qe7 32. Qxc6 Qe6 33. Qxe6+ Kxe6
34. Kg3 Kd7 35. Kf3 h5 36. Kf4 1-0

[Event "UK Armed Forces ch"]
[Site "Wittering"]
[Date "2023.04.16"]
[Round "6.38"]
[White "Couchman, Amy"]
[Black "Jennings, Jim"]
[Result "0-1"]
[WhiteElo "487"]
[BlackElo "1358"]
[PlyCount "34"]
[EventDate "2023.04.14"]
[EventType "swiss"]
[EventRounds "7"]
[EventCountry "ENG"]
[SourceVersionDate "2023.04.22"]

1. e4 c5 2. Bc4 Nc6 3. d3 d6 4. Be3 Nf6 5. Nc3 Be6 6. Qe2 Bxc4 7. dxc4 e5 8.
O-O-O Be7 9. Nf3 Qc7 10. Rd3 Nd4 11. Qd2 Qa5 12. Rd1 h6 13. Qe1 a6 14. Nh4 b5
15. Nf5 bxc4 16. R3d2 Nxe4 17. Qf1 Nxc3 0-1

[Event "UK Armed Forces ch"]
[Site "Wittering"]
[Date "2023.04.17"]
[Round "7.1"]
[White "Thurlow, Kevin J"]
[Black "Onley, David E"]
[Result "1/2-1/2"]
[WhiteElo "2009"]
[BlackElo "2174"]
[PlyCount "44"]
[EventDate "2023.04.14"]
[EventType "swiss"]
[EventRounds "7"]
[EventCountry "ENG"]
[SourceVersionDate "2023.04.22"]

1. c4 f5 2. d4 Nf6 3. Nc3 e6 4. g3 Be7 5. Bg2 O-O 6. e3 d6 7. Nge2 Qe8 8. O-O
e5 9. b3 Nc6 10. d5 Nd8 11. a4 Nf7 12. f4 {(=)} h5 13. e4 fxe4 14. Nxe4 Nxe4
15. Bxe4 Bf6 16. f5 Ng5 17. Bxg5 Bxg5 18. Qd3 Rf6 19. h4 Bh6 20. Kg2 Qf7 21.
Ng1 Bd7 22. Rf3 Rf8 1/2-1/2

[Event "UK Armed Forces ch"]
[Site "Wittering"]
[Date "2023.04.17"]
[Round "7.2"]
[White "Wells, Daniel J"]
[Black "Tucker, David S"]
[Result "1-0"]
[WhiteElo "2042"]
[BlackElo "2000"]
[PlyCount "57"]
[EventDate "2023.04.14"]
[EventType "swiss"]
[EventRounds "7"]
[EventCountry "ENG"]
[SourceVersionDate "2023.04.22"]

1. e4 c5 2. Nf3 Nc6 3. Bb5 d6 4. Bxc6+ bxc6 5. O-O e5 6. c3 f5 7. d4 fxe4 8.
Ng5 Be7 9. dxe5 d5 10. h4 h5 11. f3 Ba6 12. Re1 Bxg5 13. Bxg5 Qb6 14. fxe4 Ne7
15. Bxe7 Kxe7 16. exd5 cxd5 17. Nd2 Rad8 18. Nf3 d4 19. cxd4 cxd4 20. Qd2 d3+
21. Kh1 Rh6 22. Qg5+ Kf8 23. e6 Kg8 24. e7 Re8 25. Qd5+ Kh8 26. Qf7 Bb5 27.
Qf8+ Kh7 28. Ng5+ Kg6 29. Qf7# 1-0

[Event "UK Armed Forces ch"]
[Site "Wittering"]
[Date "2023.04.17"]
[Round "7.3"]
[White "Graham, Frazer"]
[Black "Treasurer, John"]
[Result "1/2-1/2"]
[WhiteElo "1967"]
[BlackElo "2066"]
[PlyCount "27"]
[EventDate "2023.04.14"]
[EventType "swiss"]
[EventRounds "7"]
[EventCountry "ENG"]
[SourceVersionDate "2023.04.22"]

1. e4 e6 2. d3 d5 3. Nd2 Nf6 4. g3 b6 5. Bg2 Bb7 6. e5 Ng8 7. d4 g6 8. Ngf3 h5
9. h4 Nh6 10. O-O c5 11. c4 Nf5 12. dxc5 Bxc5 13. Nb3 Be7 14. cxd5 1/2-1/2

[Event "UK Armed Forces ch"]
[Site "Wittering"]
[Date "2023.04.17"]
[Round "7.4"]
[White "Dray-Pearce, Tristan"]
[Black "Parker, Glen D"]
[Result "1/2-1/2"]
[WhiteElo "1766"]
[BlackElo "2053"]
[PlyCount "61"]
[EventDate "2023.04.14"]
[EventType "swiss"]
[EventRounds "7"]
[EventCountry "ENG"]
[SourceVersionDate "2023.04.22"]

1. d4 Nf6 2. Nc3 d5 3. Bf4 c6 4. e3 g6 5. Be2 Bg7 6. Nf3 Nh5 7. Be5 Bxe5 8.
Nxe5 Ng7 9. Qd2 f6 10. Nd3 Bf5 11. g4 Bxd3 12. Qxd3 Qb6 13. O-O-O Nd7 14. e4 e6
15. f4 O-O-O 16. e5 c5 17. Na4 Qb4 18. Qb5 fxe5 19. fxe5 Qxb5 20. Bxb5 cxd4 21.
Bxd7+ Rxd7 22. Rxd4 Rf8 23. Rhd1 Rdf7 24. c4 Rc7 25. b3 b5 26. Nb2 bxc4 27.
bxc4 Rf3 28. Kb1 Rf2 29. cxd5 exd5 30. Rxd5 Rxh2 31. Rd6 1/2-1/2

[Event "UK Armed Forces ch"]
[Site "Wittering"]
[Date "2023.04.17"]
[Round "7.5"]
[White "Officer, Paul"]
[Black "Foulds, Andrew"]
[Result "1-0"]
[WhiteElo "1668"]
[BlackElo "1814"]
[PlyCount "69"]
[EventDate "2023.04.14"]
[EventType "swiss"]
[EventRounds "7"]
[EventCountry "ENG"]
[SourceVersionDate "2023.04.22"]

1. e4 d5 2. exd5 Nf6 3. Nc3 Nxd5 4. Nxd5 Qxd5 5. Qf3 Qc5 6. c3 Nc6 7. d4 Qf5 8.
Bd3 Qxf3 9. Nxf3 e6 10. O-O Bd6 11. Ng5 h6 12. Ne4 Be7 13. Bf4 Bd8 14. Rae1 Ne7
15. Bb5+ Kf8 16. c4 a6 17. Ba4 b5 18. Bb3 Nc6 19. cxb5 Na5 20. Rc1 Nxb3 21.
axb3 Bb7 22. Nc5 Bd5 23. bxa6 Kg8 24. b4 c6 25. Ra1 Bb6 26. Rfd1 Kh7 27. Nd7
Ba7 28. Bc7 Rac8 29. Bb6 Ra8 30. Rdc1 Rhe8 31. b5 Re7 32. Bxa7 cxb5 33. Nb6
Rexa7 34. Nxa8 Bxa8 35. Rc5 1-0

[Event "UK Armed Forces ch"]
[Site "Wittering"]
[Date "2023.04.17"]
[Round "7.6"]
[White "Tenin, Aleksander"]
[Black "Ross, David C (Snr)"]
[Result "1-0"]
[WhiteElo "2072"]
[BlackElo "1695"]
[PlyCount "83"]
[EventDate "2023.04.14"]
[EventType "swiss"]
[EventRounds "7"]
[EventCountry "ENG"]
[SourceVersionDate "2023.04.22"]

1. e4 e5 2. Bc4 Nf6 3. Qf3 Nc6 4. Ne2 Be7 5. d3 d6 6. c3 Be6 7. Bg5 Qd7 8. h3
h6 9. Bxf6 gxf6 10. g4 O-O-O 11. Ng3 d5 12. exd5 Bxd5 13. Bxd5 Qxd5 14. Qxd5
Rxd5 15. Ke2 Bc5 16. Nd2 Rhd8 17. Nde4 Be7 18. Rad1 b5 19. a3 a5 20. Nf5 b4 21.
a4 bxc3 22. bxc3 Bf8 23. h4 Ne7 24. Ne3 R5d7 25. Nxf6 Rd6 26. Ne4 Rc6 27. Nc4
Ng6 28. Ke3 f6 29. Nxa5 Ra6 30. Nc4 Nf4 31. a5 Be7 32. Rhg1 f5 33. gxf5 Bxh4
34. Nxe5 Nd5+ 35. Ke2 Rf8 36. Ng6 Bxf2 37. Nxf8 Bxg1 38. Rxg1 Rxa5 39. f6 Nf4+
40. Ke3 Rf5 41. c4 Kd8 42. Rg8 1-0

[Event "UK Armed Forces ch"]
[Site "Wittering"]
[Date "2023.04.17"]
[Round "7.7"]
[White "Kelly, Richard"]
[Black "Johnston, Kieran"]
[Result "1-0"]
[WhiteElo "1845"]
[BlackElo "1396"]
[PlyCount "69"]
[EventDate "2023.04.14"]
[EventType "swiss"]
[EventRounds "7"]
[EventCountry "ENG"]
[SourceVersionDate "2023.04.22"]

1. d4 b6 2. e4 e6 3. Nf3 Bb7 4. Bd3 Nf6 5. Nbd2 d6 6. O-O Be7 7. Re1 O-O 8. c4
c5 9. d5 e5 10. Nf1 Bc8 11. h3 Nh5 12. Nxe5 dxe5 13. Qxh5 Qd6 14. Ng3 g6 15.
Qe2 Nd7 16. b3 Bf6 17. Bb2 Bg7 18. Nf1 Bb7 19. Rad1 Rae8 20. Nd2 Bc8 21. Qe3
Nf6 22. Qg3 Nh5 23. Qh2 Re7 24. Bc1 Nf6 25. Nf1 Ne8 26. Bc2 Qc7 27. Rd3 Nd6 28.
Rf3 Bd7 29. g4 Qc8 30. Qg3 h6 31. Nh2 Kh7 32. Qh4 Rfe8 33. Bxh6 Rh8 34. Bxg7+
Kxg7 35. Qf6+ 1-0

[Event "UK Armed Forces ch"]
[Site "Wittering"]
[Date "2023.04.17"]
[Round "7.8"]
[White "Cooney, Jack"]
[Black "Bradley, William"]
[Result "1/2-1/2"]
[WhiteElo "1130"]
[BlackElo "1831"]
[PlyCount "24"]
[EventDate "2023.04.14"]
[EventType "swiss"]
[EventRounds "7"]
[EventCountry "ENG"]
[SourceVersionDate "2023.04.22"]

1. d4 Nf6 2. Nf3 g6 3. Bf4 Bg7 4. e3 O-O 5. h3 d6 6. Bc4 c5 7. c3 Qc7 8. Nbd2
a6 9. h4 b6 10. O-O Bb7 11. Qe2 Nbd7 12. Rfd1 Rfe8 1/2-1/2

[Event "UK Armed Forces ch"]
[Site "Wittering"]
[Date "2023.04.17"]
[Round "7.9"]
[White "Watson, Paul R"]
[Black "O'Byrne, Danny"]
[Result "1/2-1/2"]
[WhiteElo "1776"]
[BlackElo "1682"]
[PlyCount "33"]
[EventDate "2023.04.14"]
[EventType "swiss"]
[EventRounds "7"]
[EventCountry "ENG"]
[SourceVersionDate "2023.04.22"]

1. e4 e6 2. d4 d5 3. e5 c5 4. c3 Nc6 5. Nf3 Qb6 6. Be2 Bd7 7. O-O Rc8 8. dxc5
Bxc5 9. b4 Be7 10. Be3 Qc7 11. Na3 Nxe5 12. Nxe5 Qxe5 13. Bxa7 Bd6 14. g3 Qf6
15. f4 Qe7 16. Bd4 Nf6 17. Bd3 1/2-1/2

[Event "UK Armed Forces ch"]
[Site "Wittering"]
[Date "2023.04.17"]
[Round "7.10"]
[White "Millener, Richard P"]
[Black "Rossetti, Oliver"]
[Result "1-0"]
[WhiteElo "1740"]
[BlackElo "1500"]
[PlyCount "47"]
[EventDate "2023.04.14"]
[EventType "swiss"]
[EventRounds "7"]
[EventCountry "ENG"]
[SourceVersionDate "2023.04.22"]

1. d4 Nf6 2. Bg5 c5 3. d5 e6 4. e4 Be7 5. d6 Qa5+ 6. Bd2 Qb6 7. dxe7 Nxe4 8. b3
Nc6 9. Bd3 Nxf2 10. Kxf2 Nxe7 11. c4 Qc6 12. Qf3 Qd6 13. Bc3 b6 14. Qxa8 Qxd3
15. Qf3 Qc2+ 16. Ne2 Kf8 17. Na3 Qg6 18. Rad1 Nf5 19. g3 d6 20. Nf4 Qg5 21. h4
Qe7 22. Rhe1 Bb7 23. Qg4 e5 24. Qxf5 1-0

[Event "UK Armed Forces ch"]
[Site "Wittering"]
[Date "2023.04.17"]
[Round "7.11"]
[White "O'Brien, Anthony"]
[Black "Barnes, David"]
[Result "1-0"]
[WhiteElo "1425"]
[BlackElo "1789"]
[PlyCount "131"]
[EventDate "2023.04.14"]
[EventType "swiss"]
[EventRounds "7"]
[EventCountry "ENG"]
[SourceVersionDate "2023.04.22"]

1. d4 c5 2. c3 g6 3. e3 Bg7 4. Bd3 d5 5. Nd2 Nc6 6. a3 c4 7. Bc2 Nf6 8. f4 a5
9. Ngf3 b5 10. h3 a4 11. Qe2 Nh5 12. Qf2 f5 13. Ng5 Nf6 14. Bd1 Qd6 15. Ngf3
Be6 16. Ne5 O-O-O 17. g4 Ne4 18. Qg2 Nxe5 19. dxe5 Qb6 20. Nf3 Nc5 21. Nd4 Nd3+
22. Kd2 Bd7 23. Qxd5 e6 24. Qg2 Bf8 25. Bf3 Bc5 26. Kc2 Rhf8 27. g5 Rf7 28. Bc6
Bxd4 29. Bxd7+ Rfxd7 30. exd4 Rd5 31. h4 Qc7 32. Bd2 Kb8 33. Rh3 b4 34. axb4
Qd7 35. Rh2 Qb5 36. Qf1 Rc8 37. h5 Nxb4+ 38. cxb4 Rxd4 39. Bc3 Re4 40. hxg6
hxg6 41. Re2 Qc6 42. Rxe4 Qxe4+ 43. Kc1 Rd8 44. Qf2 Qh1+ 45. Qe1 Qf3 46. Bd2
Qc6 47. Qd1 Rh8 48. Rxa4 Rh1 49. Be1 Rxe1 50. Ra8+ Qxa8 51. Qxe1 Qa1+ 52. Kd2
Qxb2+ 53. Ke3 Qb3+ 54. Kd4 Kb7 55. Kc5 c3 56. b5 Qa3+ 57. Kd4 c2 58. Qh1+ Kb6
59. Qc6+ Ka5 60. Qxc2 Qb4+ 61. Qc4 Qd2+ 62. Kc5 Qe3+ 63. Kd6 Qb6+ 64. Qc6 Qd8+
65. Kxe6 Qg8+ 66. Kf6 1-0

[Event "UK Armed Forces ch"]
[Site "Wittering"]
[Date "2023.04.17"]
[Round "7.12"]
[White "Buckingham, Michael J"]
[Black "Portman, Carl S"]
[Result "0-1"]
[WhiteElo "1567"]
[BlackElo "1930"]
[PlyCount "54"]
[EventDate "2023.04.14"]
[EventType "swiss"]
[EventRounds "7"]
[EventCountry "ENG"]
[SourceVersionDate "2023.04.22"]

1. e4 e6 2. d4 d5 3. Nd2 Nf6 4. e5 Nfd7 5. f4 c5 6. c3 Nc6 7. Ngf3 cxd4 8. cxd4
a5 9. a4 Bb4 10. Kf2 O-O 11. Bd3 f6 12. Kg1 fxe5 13. fxe5 Qb6 14. Nb3 Ndxe5 15.
Ng5 Nxd3 16. Qxd3 g6 17. Be3 Be7 18. h4 Nb4 19. Qe2 Qa6 20. Qg4 e5 21. Qg3 Nc2
22. Rc1 Qd3 23. Qxe5 Qxe3+ 24. Qxe3 Nxe3 25. Rc7 Rf1+ 26. Kh2 Rxh1+ 27. Kxh1
Bxg5 0-1

[Event "UK Armed Forces ch"]
[Site "Wittering"]
[Date "2023.04.17"]
[Round "7.14"]
[White "Jackson, Richard"]
[Black "Morrison, Munroe L"]
[Result "1-0"]
[WhiteElo "1332"]
[BlackElo "1704"]
[PlyCount "61"]
[EventDate "2023.04.14"]
[EventType "swiss"]
[EventRounds "7"]
[EventCountry "ENG"]
[SourceVersionDate "2023.04.22"]

1. e4 d6 2. d4 Nf6 3. Nc3 Nbd7 4. Nf3 e5 5. dxe5 dxe5 6. Bc4 Be7 7. O-O O-O 8.
b3 c6 9. Re1 b5 10. Bd3 a6 11. a3 Qc7 12. Bb2 Re8 13. Ne2 Bf8 14. b4 c5 15. Nc3
Bb7 16. Na2 c4 17. Bf1 Nxe4 18. Re3 Ndf6 19. h3 Rad8 20. Qe2 a5 21. Nc3 Nxc3
22. Bxc3 e4 23. Bxf6 exf3 24. Bxd8 fxe2 25. Bxc7 exf1=Q+ 26. Rxf1 Rxe3 27. fxe3
axb4 28. axb4 Bxb4 29. Rb1 Bf8 30. Rxb5 Be4 31. Rb8 1-0

[Event "UK Armed Forces ch"]
[Site "Wittering"]
[Date "2023.04.17"]
[Round "7.15"]
[White "O'Neill, Stephen G"]
[Black "Glover, John"]
[Result "0-1"]
[WhiteElo "1483"]
[BlackElo "1656"]
[PlyCount "34"]
[EventDate "2023.04.14"]
[EventType "swiss"]
[EventRounds "7"]
[EventCountry "ENG"]
[SourceVersionDate "2023.04.22"]

1. Nf3 Nf6 2. d4 c5 3. Bf4 cxd4 4. Nxd4 e5 5. Bxe5 Qa5+ 6. Qd2 Qxe5 7. Qc3 Nc6
8. Nf3 Qxc3+ 9. Nxc3 Bb4 10. e3 d5 11. Bb5 a6 12. Ba4 Be6 13. O-O Bxc3 14. bxc3
O-O 15. Rab1 b5 16. Bb3 Na5 17. Ne5 Rfc8 0-1

[Event "UK Armed Forces ch"]
[Site "Wittering"]
[Date "2023.04.17"]
[Round "7.16"]
[White "Nelder, Alan J"]
[Black "Chapman, Chas"]
[Result "1/2-1/2"]
[WhiteElo "1596"]
[BlackElo "1499"]
[PlyCount "56"]
[EventDate "2023.04.14"]
[EventType "swiss"]
[EventRounds "7"]
[EventCountry "ENG"]
[SourceVersionDate "2023.04.22"]

1. e4 c5 2. Nc3 d6 3. f4 g6 4. Nf3 Bg7 5. Bc4 Nc6 6. d3 a6 7. a4 Bd7 8. Bd2 Nd4
9. Nxd4 Bxd4 10. Qf3 Nf6 11. h3 Bc6 12. Be3 Bxc3+ 13. bxc3 b5 14. Bb3 bxa4 15.
Bxa4 Bxa4 16. Rxa4 Rb8 17. O-O Qb6 18. e5 Nd7 19. exd6 Qxd6 20. Rfa1 O-O 21.
Rxa6 Rb6 22. Ra7 Rfb8 23. d4 c4 24. Kh2 Rb2 25. R1a6 R8b6 26. Ra8+ Kg7 27. R6a7
Rb8 28. Rxb8 Rxb8 1/2-1/2

[Event "UK Armed Forces ch"]
[Site "Wittering"]
[Date "2023.04.17"]
[Round "7.17"]
[White "Woolf, Ben"]
[Black "Cox, Jamie"]
[Result "1-0"]
[WhiteElo "1596"]
[BlackElo "1182"]
[PlyCount "77"]
[EventDate "2023.04.14"]
[EventType "swiss"]
[EventRounds "7"]
[EventCountry "ENG"]
[SourceVersionDate "2023.04.22"]

1. e4 c5 2. b3 Nc6 3. Bb2 d6 4. Bb5 Qc7 5. Nc3 Be6 6. Nd5 Qb8 7. f4 Bd7 8. Nf3
e6 9. Ne3 Nge7 10. O-O Qc7 11. f5 O-O-O 12. fxe6 Bxe6 13. Ng5 Ng6 14. Bxc6 bxc6
15. d3 h6 16. Nxe6 fxe6 17. Qf3 Rg8 18. Qg4 Qd7 19. Qxg6 Be7 20. Rf3 Bf6 21.
Nc4 e5 22. Raf1 Rde8 23. Bc1 d5 24. Nd2 a5 25. Qf5 Re6 26. a4 Kc7 27. Ba3 Kb6
28. Nb1 Rge8 29. Nc3 Qd8 30. Bc1 Rd6 31. Qg4 d4 32. Nb1 Ree6 33. Na3 Qe7 34.
Nc4+ Ka6 35. Nxd6 Qxd6 36. Rxf6 gxf6 37. Bxh6 f5 38. Qxf5 Rxh6 39. Qc8+ 1-0

[Event "UK Armed Forces ch"]
[Site "Wittering"]
[Date "2023.04.17"]
[Round "7.19"]
[White "Sherpa, Ngadi"]
[Black "Owens, Charles"]
[Result "1-0"]
[WhiteElo "1819"]
[BlackElo "1220"]
[PlyCount "121"]
[EventDate "2023.04.14"]
[EventType "swiss"]
[EventRounds "7"]
[EventCountry "ENG"]
[SourceVersionDate "2023.04.22"]

1. d4 c6 2. c4 d5 3. cxd5 cxd5 4. Nc3 Nf6 5. Bg5 Ne4 6. Nxe4 dxe4 7. Qa4+ Bd7
8. Qb3 Nc6 9. O-O-O Qc8 10. Kb1 e6 11. f3 Na5 12. Qe3 Qc6 13. fxe4 Rc8 14. Rc1
Nc4 15. Qd3 Qb5 16. Rxc4 Rxc4 17. Nf3 Bd6 18. e3 Rb4 19. Qc3 Qa4 20. Bf4 Qd1+
21. Qc1 Qxc1+ 22. Kxc1 Bxf4 23. exf4 O-O 24. a3 Rb6 25. Bd3 Rc8+ 26. Kb1 Ba4
27. Re1 Rbc6 28. d5 exd5 29. exd5 Rc5 30. Re2 Bb5 31. Bxb5 Rxb5 32. Rd2 Rd8 33.
d6 Rh5 34. h4 h6 35. g4 Rc5 36. g5 h5 37. b4 Rc3 38. Ne5 g6 39. Kb2 Rh3 40. f5
Kg7 41. f6+ Kg8 42. d7 Rxh4 43. Rc2 Rd4 44. Re2 Rd5 45. Nxg6 fxg6 46. Re8+ Kf7
47. Rxd8 h4 48. Rh8 Rxd7 49. Rxh4 Ke6 50. Rf4 Kf7 51. Re4 Rd2+ 52. Kc3 Rg2 53.
Re5 b6 54. b5 Rg4 55. Re7+ Kf8 56. Re5 Kf7 57. Kb3 Rf4 58. a4 Rf5 59. Rxf5 gxf5
60. Kc3 Kg6 61. Kd3 1-0

[Event "UK Armed Forces ch"]
[Site "Wittering"]
[Date "2023.04.17"]
[Round "7.20"]
[White "Brewer, Sam"]
[Black "Turvey, Adam"]
[Result "1-0"]
[WhiteElo "1389"]
[BlackElo "1562"]
[PlyCount "81"]
[EventDate "2023.04.14"]
[EventType "swiss"]
[EventRounds "7"]
[EventCountry "ENG"]
[SourceVersionDate "2023.04.22"]

1. d4 Nf6 2. c4 d5 3. Nc3 e6 4. Nf3 Nc6 5. Bf4 Bd6 6. Bg3 Qe7 7. e3 e5 8. dxe5
Bxe5 9. Nxd5 Nxd5 10. Bxe5 Nxe5 11. Nxe5 Qb4+ 12. Qd2 Qxd2+ 13. Kxd2 Nf6 14.
Bd3 Be6 15. Rad1 Rd8 16. Kc3 c5 17. f3 O-O 18. Be2 Ra8 19. Rd2 a6 20. Rhd1 h6
21. Rd6 Rfe8 22. Nd3 Bf5 23. Nxc5 Rxe3+ 24. Bd3 Ne8 25. Rb6 Rd8 26. Kc2 Re2+
27. Rd2 Bxd3+ 28. Nxd3 Re7 29. b4 Rc8 30. Nc5 a5 31. a3 Kh7 32. Kc3 Re3+ 33.
Rd3 Re2 34. Rxb7 Rxg2 35. Rxf7 Ra2 36. Kb3 Rxh2 37. Rdd7 Rh3 38. Ne6 Rg3 39. c5
Rc6 40. Rde7 Nf6 41. Rxf6 1-0

[Event "UK Armed Forces ch"]
[Site "Wittering"]
[Date "2023.04.17"]
[Round "7.21"]
[White "Blair, Jimmy"]
[Black "Laver, Nathan"]
[Result "1/2-1/2"]
[WhiteElo "1509"]
[BlackElo "1038"]
[PlyCount "66"]
[EventDate "2023.04.14"]
[EventType "swiss"]
[EventRounds "7"]
[EventCountry "ENG"]
[SourceVersionDate "2023.04.22"]

1. e4 e5 2. Nf3 Nc6 3. Bc4 h6 4. d3 Nf6 5. Nc3 Bc5 6. h3 d6 7. a3 O-O 8. b4 Bd4
9. Nxd4 Nxd4 10. Be3 Qe7 11. Qd2 Be6 12. Bxe6 Qxe6 13. O-O Nh5 14. Ne2 c5 15.
Ng3 Nxg3 16. fxg3 f5 17. Bxd4 cxd4 18. exf5 Rxf5 19. Rxf5 Qxf5 20. Rf1 Qg6 21.
g4 Rf8 22. Rxf8+ Kxf8 23. Qf2+ Qf6 24. Qf3 Qxf3 25. gxf3 Kf7 26. h4 Kf6 27. Kf2
g5 28. h5 d5 29. Ke2 e4 30. fxe4 dxe4 31. dxe4 Ke5 32. Kd3 a6 33. a4 b6 1/2-1/2

[Event "UK Armed Forces ch"]
[Site "Wittering"]
[Date "2023.04.17"]
[Round "7.22"]
[White "Bradley, Eric"]
[Black "Cooper, Liam"]
[Result "1/2-1/2"]
[WhiteElo "1234"]
[BlackElo "1463"]
[PlyCount "28"]
[EventDate "2023.04.14"]
[EventType "swiss"]
[EventRounds "7"]
[EventCountry "ENG"]
[SourceVersionDate "2023.04.22"]

1. e4 c6 2. f4 d5 3. Nc3 d4 4. Nb1 f6 5. d3 e5 6. f5 Ne7 7. Qh5+ g6 8. fxg6
Nxg6 9. g4 Bg7 10. Bh6 O-O 11. Nd2 Bxh6 12. Qxh6 Bxg4 13. Bh3 Qd7 14. Ndf3 Nf4
1/2-1/2